[Event "AUTO-MASTER-1592"]
[Site "http://www.queenalice.com/game.php?id=1090165"]
[Date "2012.8.4"]
[Round "2"]
[White "Francisco"]
[Black "yamato"]
[Result "0-1"]
[WhiteElo "2215"]
[BlackElo "2218"]

1. d4 c5 2. d5 e5 3. e4 d6 4. Nc3 Be7 5. Bd3 Bg5 6. Nf3 Bxc1 7. Rxc1 Ne7 8. O-O
O-O 9. Re1 Ng6 10. Ne2 Bg4 11. Ng3 Qf6 12. Re3 Nf4 13. h3 Bc8 14. Be2 Nd7 0-1

[Event "AUTO-MASTER-1592"]
[Site "http://www.queenalice.com/game.php?id=1090166"]
[Date "2012.8.4"]
[Round "2"]
[White "WeirdGoblin"]
[Black "Francisco"]
[Result "1-0"]
[WhiteElo "2165"]
[BlackElo "2163"]

1. e4 c6 2. d4 d5 3. exd5 cxd5 4. Nf3 Nf6 5. c4 e6 6. g3 Nc6 7. Bg2 Be7 8. O-O
O-O 9. Nc3 dxc4 10. Qa4 Bd7 11. Qxc4 a6 12. Ne5 Rc8 13. Qd3 Qc7 14. Bf4 Bd6 15.
Nxd7 Qxd7 16. Bxd6 Qxd6 17. d5 1-0

[Event "AUTO-MASTER-1592"]
[Site "http://www.queenalice.com/game.php?id=1090167"]
[Date "2012.8.4"]
[Round "2"]
[White "Francisco"]
[Black "WeirdGoblin"]
[Result "0-1"]
[WhiteElo "2151"]
[BlackElo "2177"]

1. d4 Nf6 2. Nf3 c5 3. c3 cxd4 4. cxd4 g6 5. Nc3 Bg7 6. e4 d6 7. Bc4 O-O 8. O-O
Bg4 9. h3 Bxf3 10. Qxf3 Nc6 11. Qd1 Nxe4 12. Re1 Nxc3 13. bxc3 d5 14. Bb5 Rc8
15. Ba3 Re8 16. Qf3 a6 0-1

[Event "AUTO-OPEN-2613"]
[Site "http://www.queenalice.com/game.php?id=1092652"]
[Date "2012.8.12"]
[Round "2"]
[White "thewhitebishop"]
[Black "Francisco"]
[Result "1-0"]
[WhiteElo "2115"]
[BlackElo "2177"]

1. d4 d5 2. c4 e6 3. Nc3 Nf6 4. cxd5 exd5 5. Bg5 Be7 6. e3 Nbd7 7. Bd3 c6 8.
Nge2 O-O 9. Qc2 Re8 10. h3 Nf8 11. O-O-O Be6 12. f4 c5 13. Bxf6 Bxf6 14. dxc5
Qa5 15. f5 Bxc3 16. fxe6 Bf6 17. exf7+ Kxf7 18. a3 Rac8 19. Qd2 Rxc5+ 20. Kb1
Qxd2 21. Rxd2 1-0

[Event "AUTO-OPEN-2613"]
[Site "http://www.queenalice.com/game.php?id=1092653"]
[Date "2012.8.12"]
[Round "2"]
[White "Francisco"]
[Black "thewhitebishop"]
[Result "0-1"]
[WhiteElo "2192"]
[BlackElo "2100"]

1. d4 Nf6 2. Nf3 c5 3. c3 e6 4. Bg5 Qb6 5. Qb3 Ne4 6. Bf4 d5 7. Qxb6 axb6 8. e3
Bd7 9. Nbd2 Nc6 10. Nxe4 dxe4 11. Nd2 f5 12. Nc4 b5 13. Nb6 Ra6 14. Nxd7 Kxd7
15. Bxb5 Rb6 16. a4 Bd6 17. O-O-O Kc7 18. dxc5 Bxf4 19. cxb6+ Kxb6 20. exf4 Rc8
21. Rd7 e5 22. fxe5 Nxe5 23. Rxg7 Ng4 24. f3 Nf2 25. Rf1 e3 0-1

[Event "AUTO-MASTER-1593"]
[Site "http://www.queenalice.com/game.php?id=1098579"]
[Date "2012.9.1"]
[Round "2"]
[White "cheleazul"]
[Black "Francisco"]
[Result "1-0"]
[WhiteElo "2245"]
[BlackElo "2152"]

1. d4 d5 2. Nf3 Nf6 3. Bf4 e6 4. e3 c5 5. c3 Nc6 6. Bd3 Qb6 7. Qc1 cxd4 8. exd4
Be7 9. O-O Bd7 10. Re1 h6 11. Nbd2 g5 12. Bg3 g4 13. Ne5 h5 14. Nxc6 Qxc6 15.
Be5 h4 16. Nb3 Rg8 17. Qh6 Ne4 18. Qh7 O-O-O 19. Bxe4 dxe4 20. Qxf7 e3 21. Qxe7
h3 22. Qc5 exf2+ 23. Kxf2 Rdf8+ 24. Kg1 hxg2 25. Qd6 Kd8 26. Nc5 1-0

[Event "AUTO-MASTER-1593"]
[Site "http://www.queenalice.com/game.php?id=1098580"]
[Date "2012.9.1"]
[Round "2"]
[White "Francisco"]
[Black "cheleazul"]
[Result "0-1"]
[WhiteElo "2103"]
[BlackElo "2081"]

1. d4 Nf6 2. Nf3 e6 3. Bg5 Bb4+ 4. c3 Be7 5. Nbd2 d5 6. e3 O-O 7. Bd3 c5 8. O-O
h6 9. Bh4 b6 10. Re1 Nc6 11. e4 cxd4 12. cxd4 g5 13. Bg3 Bb7 14. e5 Nh5 15. Nb3
a5 16. Nxg5 Nxg3 17. hxg3 Bxg5 18. f4 a4 19. Rf1 axb3 20. fxg5 Qxg5 21. Rf4 Kh8
22. Rh4 Nxd4 0-1

[Event "AUTO-MASTER-1593"]
[Site "http://www.queenalice.com/game.php?id=1098581"]
[Date "2012.9.1"]
[Round "2"]
[White "kandido"]
[Black "Francisco"]
[Result "1-0"]
[WhiteElo "2139"]
[BlackElo "2140"]

1. d4 d5 2. c4 e6 3. Nc3 Nf6 4. cxd5 exd5 5. Bg5 Be7 6. Qc2 c6 7. e3 Nbd7 8. Bd3
O-O 9. Nge2 Re8 10. O-O Nf8 11. Rad1 Be6 12. f3 Rc8 13. e4 dxe4 14. fxe4 Qa5 15.
e5 Ng4 16. Bd2 c5 17. d5 c4 18. dxe6 Qb6+ 19. Kh1 Nf2+ 20. Rxf2 Qxf2 21. exf7+
Kxf7 22. Bxh7 Nxh7 23. Qxh7 Rh8 24. e6+ Kxe6 25. Nf4+ 1-0

[Event "AUTO-MASTER-1593"]
[Site "http://www.queenalice.com/game.php?id=1098582"]
[Date "2012.9.1"]
[Round "2"]
[White "Francisco"]
[Black "kandido"]
[Result "0-1"]
[WhiteElo "2224"]
[BlackElo "2107"]

1. d4 Nf6 2. Nf3 e6 3. Bf4 c5 4. e3 Qb6 5. Nc3 Qxb2 6. Nb5 Na6 7. Rb1 Qxa2 8.
Ra1 Qb2 9. Rxa6 Nd5 10. Rxa7 Rxa7 11. Nxa7 Nc3 12. Nxc8 Nxd1 13. Kxd1 Qa1+ 14.
Kd2 Qa5+ 15. Kd1 cxd4 0-1

[Event "AUTO-MASTER-1616"]
[Site "http://www.queenalice.com/game.php?id=1099340"]
[Date "2012.9.3"]
[Round "2"]
[White "Francisco"]
[Black "Giant"]
[Result "0-1"]
[WhiteElo "2153"]
[BlackElo "2429"]

1. d4 Nf6 2. Nf3 d5 3. Bf4 e6 4. e3 Be7 5. Nbd2 O-O 6. Bd3 c5 7. c3 Nc6 8. O-O
b6 9. Rc1 c4 10. Bb1 Bb7 11. e4 dxe4 12. Nxe4 Nd5 13. Bg3 f5 14. Ned2 b5 15. Re1
f4 16. Rxe6 Qc8 0-1

[Event "AUTO-MASTER-1616"]
[Site "http://www.queenalice.com/game.php?id=1099341"]
[Date "2012.9.3"]
[Round "2"]
[White "Giant"]
[Black "Francisco"]
[Result "1-0"]
[WhiteElo "2431"]
[BlackElo "2149"]

1. e4 c6 2. d3 d5 3. Nd2 e5 4. h3 Nf6 5. Ngf3 Nbd7 6. Be2 Be7 7. O-O O-O 8. c3
Re8 9. Qc2 c5 10. b3 d4 11. a4 dxc3 12. Qxc3 Bf8 13. Nc4 Qc7 14. Ne3 b6 15. Bb2
Bb7 16. Nc4 1-0

[Event "AUTO-MASTER-1591"]
[Site "http://www.queenalice.com/game.php?id=1130784"]
[Date "2012.12.13"]
[Round "2"]
[White "yamato"]
[Black "Francisco"]
[Result "1-0"]
[WhiteElo "2293"]
[BlackElo "2135"]

1. Nf3 d6 2. d4 g6 3. e4 Bg7 4. Nc3 c6 5. a4 Nf6 6. Be3 O-O 7. Qd2 Bg4 8. Be2
Bxf3 9. Bxf3 Nbd7 10. O-O a6 11. a5 b5 12. axb6 1-0

[Event "AUTO-MASTER-1591"]
[Site "http://www.queenalice.com/game.php?id=1130785"]
[Date "2012.12.13"]
[Round "2"]
[White "Francisco"]
[Black "yamato"]
[Result "0-1"]
[WhiteElo "2143"]
[BlackElo "2285"]

1. d4 e6 2. Nf3 c5 3. e3 Nf6 4. Bd3 b6 5. O-O Bb7 6. Nbd2 Be7 7. b3 O-O 8. Bb2
d6 9. Re1 Nbd7 10. e4 cxd4 11. Nxd4 a6 0-1

[Event "AUTO-MASTER-1591"]
[Site "http://www.queenalice.com/game.php?id=1130788"]
[Date "2012.12.13"]
[Round "2"]
[White "LAIRE"]
[Black "Francisco"]
[Result "1-0"]
[WhiteElo "2163"]
[BlackElo "2160"]

1. d4 d5 2. c4 e6 3. Nc3 Nf6 4. Bg5 Be7 5. e3 O-O 6. Nf3 Nbd7 7. Rc1 a6 8. cxd5
exd5 9. Bd3 c6 10. O-O Nb6 11. Ne5 Be6 12. Qc2 h6 13. Bh4 Nfd7 14. Bxe7 Qxe7 15.
f4 f6 16. Ng6 1-0

[Event "AUTO-MASTER-1591"]
[Site "http://www.queenalice.com/game.php?id=1130789"]
[Date "2012.12.13"]
[Round "2"]
[White "Francisco"]
[Black "LAIRE"]
[Result "0-1"]
[WhiteElo "2078"]
[BlackElo "2183"]

1. d4 e6 2. Nf3 d5 3. e3 Nf6 4. Bd3 Be7 5. Nbd2 b6 6. O-O Ba6 7. Bxa6 Nxa6 8. c4
O-O 9. a3 dxc4 10. Nxc4 c5 11. Qe2 Qc8 12. Bd2 Qb7 13. Nce5 Rac8 14. Rac1 Ne4
15. Bc3 Nxc3 16. Rxc3 cxd4 17. exd4 Nc7 0-1

[Event "AUTO-OPEN-2612"]
[Site "http://www.queenalice.com/game.php?id=1135065"]
[Date "2012.12.28"]
[Round "3"]
[White "LAIRE"]
[Black "Francisco"]
[Result "1-0"]
[WhiteElo "2192"]
[BlackElo "2066"]

1. d4 d5 2. c4 e6 3. Nc3 Nf6 4. Bg5 Be7 5. e3 O-O 6. Nf3 h6 7. Bh4 Nbd7 8. Rc1
c6 9. Bd3 dxc4 10. Bxc4 b5 11. Bd3 a6 12. a4 Bb7 13. O-O Rc8 14. Qe2 Nb6 15. b3
Nbd5 16. Ne4 1-0

[Event "AUTO-OPEN-2612"]
[Site "http://www.queenalice.com/game.php?id=1135066"]
[Date "2012.12.28"]
[Round "3"]
[White "Francisco"]
[Black "LAIRE"]
[Result "0-1"]
[WhiteElo "2055"]
[BlackElo "2200"]

1. d4 e6 2. Nf3 Nf6 3. Bg5 d5 4. e3 Be7 5. Nbd2 Nbd7 6. Bd3 c5 7. c3 b6 8. O-O
Bb7 9. Ne5 h6 10. Bxf6 gxf6 11. Nef3 Nf8 12. e4 Ng6 13. exd5 Qxd5 14. Be4 Qd7
15. Bxb7 Qxb7 0-1

[Event "AUTO-MASTER-1642"]
[Site "http://www.queenalice.com/game.php?id=1136401"]
[Date "2013.1.2"]
[Round "2"]
[White "Francisco"]
[Black "Hortelino"]
[Result "0-1"]
[WhiteElo "2115"]
[BlackElo "2230"]

1. d4 d5 2. Nf3 Nf6 3. Bg5 c5 4. e3 Ne4 5. Bf4 Nc6 6. c3 Qb6 7. Qc2 Bf5 8. dxc5
Qxc5 9. Bd3 f6 10. Nbd2 Nxd2 11. Bxf5 Nxf3+ 12. gxf3 e5 0-1

[Event "AUTO-MASTER-1642"]
[Site "http://www.queenalice.com/game.php?id=1136402"]
[Date "2013.1.2"]
[Round "2"]
[White "Hortelino"]
[Black "Francisco"]
[Result "1-0"]
[WhiteElo "2221"]
[BlackElo "2124"]

1. d4 d5 2. c4 e6 3. Nc3 Nf6 4. Bg5 Be7 5. Nf3 h6 6. Bh4 O-O 7. e3 b6 8. cxd5
Nxd5 9. Bxe7 Qxe7 10. Nxd5 exd5 11. Rc1 Be6 12. Qa4 c5 13. Qa3 Nd7 14. Ba6 1-0